Normal view
MARC view
- Functional integration
Entry Topical Term
001 - CONTROL NUMBER
- control field: 26147
003 - CONTROL NUMBER IDENTIFIER
- control field: OSt
005 - DATE AND TIME OF LATEST TRANSACTION
- control field: 20110826082654.0
008 - FIXED-LENGTH DATA ELEMENTS
- fixed length control field: 110826|||a|||||| | ||| d
040 ## - CATALOGING SOURCE
- Original cataloging agency: OSt
- Transcribing agency: OSt
150 ## - HEADING--TOPICAL TERM
- Topical term or geographic name as entry element: Functional integration
670 ## - SOURCE DATA FOUND
- Source citation: Work cat.: (OSt): Ash, robert B. 26146, Real analysis and probability, 1972
670 ## - SOURCE DATA FOUND
- Source citation: Work cat.: (OSt): Ash, robert B. 26146, Real analysis and probability, 1972
